Impuesto inflacionario y financiamiento de objetivos de política económica (Registro nro. 22907)
[ vista simple ]
| 000 -LEADER | |
|---|---|
| fixed length control field | 00369 a2200109 4500 |
| 001 - CONTROL NUMBER | |
| control field | ART_5551 |
| 005 - DATE AND TIME OF LATEST TRANSACTION | |
| control field | 20260410161827.0 |
| 008 - FIXED-LENGTH DATA ELEMENTS--GENERAL INFORMATION | |
| fixed length control field | 260409a |
| 100 1# - MAIN ENTRY--PERSONAL NAME | |
| Personal name | Pendás, Eugenio A. |
| 245 10 - TITLE STATEMENT | |
| Title | Impuesto inflacionario y financiamiento de objetivos de política económica |
| 773 0# - HOST ITEM ENTRY | |
| Title | Estudios Económicos |
| Related parts | - Vol. 2, Nº 3/4 (ene./dic. 1983) |
| Record control number | REV5080 |
No hay ítems disponibles.